| 000 | 00732nam a22002057a 4500 | ||
|---|---|---|---|
| 999 |
_c167571 _d167571 |
||
| 005 | 20220217160241.0 | ||
| 010 | _aENG-126456 | ||
| 020 |
_a978-93-88096-08-9 _c224.00 |
||
| 035 | _aEN-109988 | ||
| 037 | _bDBAD/PUB | ||
| 082 | _a651.84 | ||
| 100 | _aKalyani,P | ||
| 245 |
_aOffice Automation Tools : _bAs Per Choice Based Credit System/ _cby P.Kalyani, R.Ramganesh [and] S,Krishnaiah |
||
| 260 |
_aHyderabad _bSpecturm University _c2018 |
||
| 270 |
_bHyderabad _a#326/C,1st Floor,Surneni Nilayam Near B K Guda Park,S R Nagar _e500038 _k++91 40 23710657,238000657 _l+91 40 23810657 |
||
| 300 |
_a304p. _c24cm(pbk) _bill |
||
| 700 | _aRamganesh,R | ||
| 700 | _aKrishnaiah,S | ||
| 942 |
_2ddc _cEN _h651.84 _mKAL |
||